Elecciones presidenciales en Latinoamérica 2018-2019 : México, Brasil y El Salvador /

Detalles Bibliográficos
Autor principal: Medina Núñez, Ignacio (Autor)
Formato: Electrónico eBook
Lenguaje:español
Publicado: Zapopan, Jalisco : El Colegio de Jalisco, [2021]
Colección:Temas de estudio (Colegio de Jalisco)
Materias:
Acceso en línea:Digitalia Hispánica

MARC

LEADER 00000nam a2200000Ii 4500
001 DIGCOJAL0051
003 NyNyDIG
006 m o d
007 cr |||||||||||
008 250404s2021 mx ab ob 000 0 spa d
035 |a (OCoLC)1513491259 
040 |a DGITA  |b eng  |e rda  |e pn  |c DGITA 
020 |z 9786078657896 
043 |a n-mx---  |a s-bl---  |a nces--- 
050 1 4 |a JL968 ebook 
100 1 |a Medina Núñez, Ignacio,  |e author. 
245 1 0 |a Elecciones presidenciales en Latinoamérica 2018-2019 :  |b México, Brasil y El Salvador /  |c Ignacio Medina Núñez. 
264 1 |a Zapopan, Jalisco :  |b El Colegio de Jalisco,  |c [2021] 
300 |a 1 online resource :  |b illustrations, maps. 
336 |a text  |b txt  |2 rdacontent 
337 |a computer  |b c  |2 rdamedia 
338 |a online resource  |b cr  |2 rdacarrier 
347 |a text file  |2 rdaft 
347 |b PDF 
490 1 |a Temas de estudio 
504 |a Includes bibliographical references. 
588 0 |a Online resource; title from PDF title page (Digitalia, viewed April 4, 2025) 
650 0 |a Presidents  |z Mexico  |x Election  |y 2018. 
650 0 |a Presidents  |z Brazil  |x Election  |y 2018. 
650 0 |a Presidents  |z El Salvador  |x Election  |y 2019. 
651 0 |a Mexico  |x Politics and government  |y 2000- 
651 0 |a Brazil  |x Politics and government  |y 2003- 
651 0 |a El Salvador  |x Politics and government  |y 1992- 
791 2 |a Digitalia (Firm),  |e distributor. 
793 0 |g Digitalia eBook Collection:  |a El Colegio de Jalisco 
776 0 8 |i Print version:  |a Medina Núñez, Ignacio.  |t Elecciones presidenciales en Latinoamérica 2018-2019.  |b Primera edición.  |d Zapopan, Jalisco : El Colegio de Jalisco, 2021  |z 9786078657896 
830 0 |a Temas de estudio (Colegio de Jalisco) 
856 4 0 |3 Digitalia Hispánica  |u https://www.digitaliapublishing.com/a/172213/ 
910 |a Premium collection: 2025